| Tag |
First Indicator |
Second Indicator |
Subfields |
| LEADER |
00000cam a2200000Ia 4500 |
| 001 |
in00002531759 |
| 005 |
20211202192459.0 |
| 006 |
m d f |
| 007 |
cr cn||||||||| |
| 008 |
091124s2004 dcua s f000 0 eng d |
| 035 |
|
|
|a (OCoLC)ocn469172229
|
| 040 |
|
|
|a GPO
|c GPO
|d MvI
|d UtOrBLW
|
| 043 |
|
|
|a n-us---
|
| 049 |
|
|
|a WWW
|
| 074 |
|
|
|a 0295 (online)
|
| 086 |
0 |
|
|a PM 1.2:SE 5/7
|
| 245 |
0 |
0 |
|a Preparing for the Senior Executive Service :
|b the federal candidate development program /
|c United State Office of Personnel Management.
|
| 264 |
|
1 |
|a [Washington, D.C.] :
|b U.S. Office of Personnel Management,
|c [2004]
|
| 300 |
|
|
|a 1 online resource (8 unnumbered pages) :
|b color illustrations
|
| 336 |
|
|
|a text
|b txt
|2 rdacontent
|
| 337 |
|
|
|a computer
|b c
|2 rdamedia
|
| 338 |
|
|
|a online resource
|b cr
|2 rdacarrier
|
| 500 |
|
|
|a Title from PDF title screen (viewed on Nov. 24, 2009).
|
| 500 |
|
|
|a "June 2004."
|
| 500 |
|
|
|a "CLCS-Fed CDP-2004-8."
|
| 500 |
|
|
|a Electronic resource.
|
| 650 |
|
0 |
|a Executive departments
|z United States.
|
| 651 |
|
0 |
|a United States
|x Officials and employees.
|
| 710 |
1 |
|
|a United States.
|b Office of Personnel Management.
|
| 856 |
4 |
0 |
|u https://purl.fdlp.gov/GPO/LPS116696
|t 0
|
| 999 |
|
|
|a MARS
|
| 999 |
f |
f |
|s 99482463-685f-306c-91d4-30af3344e057
|i 08051853-b543-3cde-9c7f-53376c4dbbdb
|t 0
|
| 952 |
f |
f |
|a Texas A&M University
|b College Station
|c Electronic Resources
|d Available Online
|t 0
|e PM 1.2:SE 5/7
|h Superintendent of Documents classification
|
| 998 |
f |
f |
|a PM 1.2:SE 5/7
|t 0
|l Available Online
|